<?xml version="1.0" encoding="UTF-8"?>
<record
    xmlns:xsi="http://www.w3.org/2001/XMLSchema-instance"
    xsi:schemaLocation="http://www.loc.gov/MARC21/slim http://www.loc.gov/standards/marcxml/schema/MARC21slim.xsd"
    xmlns="http://www.loc.gov/MARC21/slim">

  <leader>00395nam a22001577a 4500</leader>
  <controlfield tag="003">OSt</controlfield>
  <controlfield tag="005">20250510103457.0</controlfield>
  <controlfield tag="008">250510b        |||||||| |||| 00| 0 eng d</controlfield>
  <datafield tag="020" ind1=" " ind2=" ">
    <subfield code="a">9789355967565</subfield>
  </datafield>
  <datafield tag="040" ind1=" " ind2=" ">
    <subfield code="c">IIMT ENGINEERING COLLEGE</subfield>
  </datafield>
  <datafield tag="100" ind1=" " ind2=" ">
    <subfield code="a">MAMORIA C.B.DR.</subfield>
  </datafield>
  <datafield tag="245" ind1=" " ind2=" ">
    <subfield code="a">HUMAN RESOURCE MANAGEMENT</subfield>
  </datafield>
  <datafield tag="260" ind1=" " ind2=" ">
    <subfield code="a">NEW DELHI-SAVERA</subfield>
    <subfield code="b">HIMALAYA</subfield>
    <subfield code="c">3-5-2025</subfield>
  </datafield>
  <datafield tag="300" ind1=" " ind2=" ">
    <subfield code="a">671</subfield>
  </datafield>
  <datafield tag="942" ind1=" " ind2=" ">
    <subfield code="2">ddc</subfield>
    <subfield code="c">01</subfield>
  </datafield>
  <datafield tag="999" ind1=" " ind2=" ">
    <subfield code="c">65569</subfield>
    <subfield code="d">65569</subfield>
  </datafield>
  <datafield tag="952" ind1=" " ind2=" ">
    <subfield code="0">0</subfield>
    <subfield code="1">0</subfield>
    <subfield code="2">ddc</subfield>
    <subfield code="4">0</subfield>
    <subfield code="7">0</subfield>
    <subfield code="a">13</subfield>
    <subfield code="b">13</subfield>
    <subfield code="d">2025-05-09</subfield>
    <subfield code="g">998.00</subfield>
    <subfield code="i">CRB/43</subfield>
    <subfield code="l">1</subfield>
    <subfield code="p">13-B-6990</subfield>
    <subfield code="r">2025-05-10</subfield>
    <subfield code="s">2025-05-10</subfield>
    <subfield code="t">2</subfield>
    <subfield code="w">2025-05-10</subfield>
    <subfield code="y">01</subfield>
  </datafield>
  <datafield tag="952" ind1=" " ind2=" ">
    <subfield code="0">0</subfield>
    <subfield code="1">0</subfield>
    <subfield code="2">ddc</subfield>
    <subfield code="4">0</subfield>
    <subfield code="7">0</subfield>
    <subfield code="a">13</subfield>
    <subfield code="b">13</subfield>
    <subfield code="d">2025-05-09</subfield>
    <subfield code="g">998.00</subfield>
    <subfield code="i">CRB/43</subfield>
    <subfield code="l">0</subfield>
    <subfield code="p">13-B-6991</subfield>
    <subfield code="r">2025-05-10</subfield>
    <subfield code="t">3</subfield>
    <subfield code="w">2025-05-10</subfield>
    <subfield code="y">01</subfield>
  </datafield>
</record>
